000 00273 a2200109 4500
001 62947
090 _c37261
_d37261
100 _aPAF Base Masroor
245 _aAirmanship (GDP & NON GD Courses)
_hEnglish
260 _aPAF Base Masroor
_bPAF Press masroor
_c2008
300 _aiv, 88p.
942 _aCAE NUST
999 _c298020
_d298020